[Event "ODJM B 2025"]
[Site "Willingen GER"]
[Date "2025.06.08"]
[Round "2"]
[White "Negru, Maximilian"]
[Black "Mai, Mariella"]
[Result "1-0"]
[Termination "normal"]
[Board "4"]
[WhiteElo "1694"]
[BlackElo "1738"]
[WhiteClock "00:51:39"]
[BlackClock "00:25:56"]
[PlyCount "93"]
[WhiteFideId "16298136"]
[BlackFideId "16281780"]
[EventCountry "GER"]
[EventRounds "9"]
[EventType "swiss"]
[EventDate "2025.06.07"]

1. e4 {[%clk 01:30:57]} {[%emt 00:00:02]} c6 {[%clk 01:30:53]} {[%emt
00:00:08]} 2. d4 {[%clk 01:31:24]} {[%emt 00:00:03]} d5 {[%clk 01:31:17]}
{[%emt 00:00:06]} 3. f3 {[%clk 01:31:51]} {[%emt 00:00:03]} e6 {[%clk
01:26:54]} {[%emt 00:04:52]} 4. Bd3 {[%clk 01:29:37]} {[%emt 00:02:45]} dxe4
{[%clk 01:23:01]} {[%emt 00:04:23]} 5. fxe4 {[%clk 01:29:19]} {[%emt 00:00:47]}
Qxd4 {[%clk 01:09:36]} {[%emt 00:13:55]} 6. Nf3 {[%clk 01:29:15]} {[%emt
00:00:34]} Qb6 {[%clk 01:06:28]} {[%emt 00:03:37]} 7. Nbd2 {[%clk 01:21:21]}
{[%emt 00:08:25]} Qe3+ {[%clk 00:59:12]} {[%emt 00:07:45]} 8. Qe2 {[%clk
01:21:42]} {[%emt 00:00:09]} Qxe2+ {[%clk 00:59:16]} {[%emt 00:00:26]} 9. Kxe2
{[%clk 01:22:11]} {[%emt 00:00:02]} Nd7 {[%clk 00:54:39]} {[%emt 00:05:07]} 10.
Rf1 {[%clk 01:21:01]} {[%emt 00:01:40]} Nc5 {[%clk 00:51:24]} {[%emt 00:03:45]}
11. Nc4 {[%clk 01:18:07]} {[%emt 00:03:25]} f6 {[%clk 00:44:59]} {[%emt
00:06:54]} 12. e5 {[%clk 01:15:33]} {[%emt 00:03:05]} Nxd3 {[%clk 00:37:04]}
{[%emt 00:08:25]} 13. cxd3 {[%clk 01:14:58]} {[%emt 00:01:05]} c5 {[%clk
00:31:22]} {[%emt 00:06:12]} 14. Be3 {[%clk 01:09:50]} {[%emt 00:05:38]} b6
{[%clk 00:29:07]} {[%emt 00:02:45]} 15. g4 {[%clk 01:09:06]} {[%emt 00:01:14]}
Ba6 {[%clk 00:24:02]} {[%emt 00:05:34]} 16. Rac1 {[%clk 01:05:56]} {[%emt
00:03:41]} Rc8 {[%clk 00:22:08]} {[%emt 00:02:23]} 17. g5 {[%clk 01:04:19]}
{[%emt 00:02:08]} Be7 {[%clk 00:18:20]} {[%emt 00:04:18]} 18. a4 {[%clk
01:01:25]} {[%emt 00:03:25]} Kd7 {[%clk 00:15:54]} {[%emt 00:02:55]} 19. a5
{[%clk 00:57:39]} {[%emt 00:04:16]} b5 {[%clk 00:11:15]} {[%emt 00:05:09]} 20.
Ncd2 {[%clk 00:55:38]} {[%emt 00:02:32]} f5 {[%clk 00:10:28]} {[%emt 00:01:18]}
21. Nb3 {[%clk 00:55:03]} {[%emt 00:01:04]} c4 {[%clk 00:10:13]} {[%emt
00:00:45]} 22. dxc4 {[%clk 00:52:06]} {[%emt 00:03:28]} bxc4 {[%clk 00:10:35]}
{[%emt 00:00:08]} 23. Rfd1+ {[%clk 00:52:26]} {[%emt 00:00:09]} Ke8 {[%clk
00:10:23]} {[%emt 00:00:42]} 24. Nbd4 {[%clk 00:51:37]} {[%emt 00:01:19]} Kf7
{[%clk 00:09:24]} {[%emt 00:01:29]} 25. Kf2 {[%clk 00:49:33]} {[%emt 00:02:34]}
g6 {[%clk 00:09:00]} {[%emt 00:00:54]} 26. Nc2 {[%clk 00:46:42]} {[%emt
00:03:21]} Rc7 {[%clk 00:08:03]} {[%emt 00:01:27]} 27. Na1 {[%clk 00:40:22]}
{[%emt 00:06:50]} Bb4 {[%clk 00:05:56]} {[%emt 00:02:37]} 28. Rd6 {[%clk
00:27:15]} {[%emt 00:13:36]} Bxd6 {[%clk 00:04:15]} {[%emt 00:02:11]} 29. exd6
{[%clk 00:27:40]} {[%emt 00:00:05]} Rb7 {[%clk 00:04:14]} {[%emt 00:00:30]} 30.
Bd4 {[%clk 00:27:55]} {[%emt 00:00:15]} Nh6 {[%clk 00:03:11]} {[%emt 00:01:33]}
31. Bxh8 {[%clk 00:27:55]} {[%emt 00:00:30]} Ng4+ {[%clk 00:03:35]} {[%emt
00:00:06]} 32. Kg3 {[%clk 00:27:55]} {[%emt 00:00:30]} Ke8 {[%clk 00:02:56]}
{[%emt 00:01:09]} 33. Re1 {[%clk 00:27:59]} {[%emt 00:00:25]} h5 {[%clk
00:02:02]} {[%emt 00:01:24]} 34. h3 {[%clk 00:28:21]} {[%emt 00:00:08]} f4+
{[%clk 00:02:20]} {[%emt 00:00:12]} 35. Kxf4 {[%clk 00:28:21]} {[%emt
00:00:30]} Nf2 {[%clk 00:02:45]} {[%emt 00:00:04]} 36. Kg3 {[%clk 00:23:17]}
{[%emt 00:05:35]} Nd3 {[%clk 00:02:16]} {[%emt 00:00:59]} 37. Rxe6+ {[%clk
00:22:52]} {[%emt 00:00:56]} Kd7 {[%clk 00:02:40]} {[%emt 00:00:05]} 38. Rxg6
{[%clk 00:22:44]} {[%emt 00:00:38]} Bb5 {[%clk 00:01:28]} {[%emt 00:01:42]} 39.
Ne5+ {[%clk 00:22:47]} {[%emt 00:00:27]} Nxe5 {[%clk 00:01:48]} {[%emt
00:00:10]} 40. Bxe5 {[%clk 00:23:14]} {[%emt 00:00:04]} Rb8 {[%clk 00:01:53]}
{[%emt 00:00:25]} 41. Rg7+ {[%clk 00:22:57]} {[%emt 00:00:46]} Ke6 {[%clk
00:01:19]} {[%emt 00:01:04]} 42. Re7+ {[%clk 00:22:34]} {[%emt 00:00:53]} Kd5
{[%clk 00:01:41]} {[%emt 00:00:07]} 43. Nc2 {[%clk 00:22:07]} {[%emt 00:00:57]}
a6 {[%clk 00:00:42]} {[%emt 00:01:30]} 44. g6 {[%clk 00:21:31]} {[%emt
00:01:06]} Ba4 {[%clk 00:30:04]} {[%emt 00:01:08]} 45. Ne3+ {[%clk 00:51:47]}
{[%emt 00:00:13]} Ke4 {[%clk 00:29:04]} {[%emt 00:01:30]} 46. d7 {[%clk
00:51:39]} {[%emt 00:00:40]} h4+ {[%clk 00:25:56]} {[%emt 00:03:37]} 47. Kxh4
{[%emt 00:01:44]} 1-0

[Event "ODJM B 2025"]
[Site "Willingen GER"]
[Date "2025.06.08"]
[Round "2"]
[White "Wang, Enya Marie"]
[Black "Fischermann, Simon"]
[Result "0-1"]
[Termination "normal"]
[Board "5"]
[WhiteElo "1649"]
[BlackElo "1847"]
[WhiteClock "00:11:16"]
[BlackClock "01:15:39"]
[PlyCount "126"]
[WhiteFideId "34660330"]
[BlackFideId "34620869"]
[EventCountry "GER"]
[EventRounds "9"]
[EventType "swiss"]
[EventDate "2025.06.07"]

1. e4 {[%clk 01:30:59]} e5 {[%clk 01:30:53]} {[%emt 00:00:08]} 2. Nf3 {[%clk
01:31:20]} {[%emt 00:00:08]} Nc6 {[%clk 01:31:22]} {[%emt 00:00:02]} 3. Bc4
{[%clk 01:31:42]} {[%emt 00:00:08]} Nf6 {[%clk 01:31:47]} {[%emt 00:00:05]} 4.
Ng5 {[%clk 01:31:54]} {[%emt 00:00:18]} d5 {[%clk 01:32:10]} {[%emt 00:00:07]}
5. exd5 {[%clk 01:32:14]} {[%emt 00:00:09]} b5 {[%clk 01:32:39]} {[%emt
00:00:01]} 6. Bf1 {[%clk 01:31:25]} {[%emt 00:01:19]} Nd4 {[%clk 01:33:05]}
{[%emt 00:00:03]} 7. c3 {[%clk 01:31:03]} {[%emt 00:00:53]} Nxd5 {[%clk
01:33:26]} {[%emt 00:00:09]} 8. cxd4 {[%clk 01:30:46]} {[%emt 00:00:47]} Qxg5
{[%clk 01:33:51]} {[%emt 00:00:04]} 9. Bxb5+ {[%clk 01:29:41]} {[%emt
00:01:36]} Kd8 {[%clk 01:34:15]} {[%emt 00:00:05]} 10. O-O {[%clk 01:29:09]}
{[%emt 00:01:03]} Bb7 {[%clk 01:34:40]} {[%emt 00:00:05]} 11. Qf3 {[%clk
01:28:28]} {[%emt 00:01:10]} Rb8 {[%clk 01:35:09]} {[%emt 00:00:02]} 12. dxe5
{[%clk 01:26:52]} {[%emt 00:02:06]} Ne3 {[%clk 01:34:24]} {[%emt 00:01:14]} 13.
Qh3 {[%clk 01:26:40]} {[%emt 00:00:42]} Qxg2+ {[%clk 01:34:52]} {[%emt
00:00:03]} 14. Qxg2 {[%clk 01:26:57]} {[%emt 00:00:13]} Nxg2 {[%clk 01:35:19]}
{[%emt 00:00:03]} 15. d4 {[%clk 01:23:53]} {[%emt 00:03:34]} Be7 {[%clk
01:35:48]} {[%emt 00:00:02]} 16. Nc3 {[%clk 01:21:06]} {[%emt 00:03:16]} Nh4
{[%clk 01:35:36]} {[%emt 00:00:41]} 17. Be2 {[%clk 01:15:25]} {[%emt 00:06:11]}
Nf3+ {[%clk 01:35:56]} {[%emt 00:00:10]} 18. Bxf3 {[%clk 01:15:30]} {[%emt
00:00:26]} Bxf3 {[%clk 01:36:23]} {[%emt 00:00:03]} 19. Rb1 {[%clk 01:12:56]}
{[%emt 00:03:02]} Rb4 {[%clk 01:32:52]} {[%emt 00:04:03]} 20. Be3 {[%clk
01:10:49]} {[%emt 00:02:36]} Rb6 {[%clk 01:33:01]} {[%emt 00:00:22]} 21. Rfc1
{[%clk 01:04:11]} {[%emt 00:07:07]} Rg6+ {[%clk 01:31:48]} {[%emt 00:01:43]}
22. Kf1 {[%clk 01:04:27]} {[%emt 00:00:13]} Rg2 {[%clk 01:31:58]} {[%emt
00:00:20]} 23. Bf4 {[%clk 01:02:20]} {[%emt 00:02:36]} g5 {[%clk 01:31:00]}
{[%emt 00:01:31]} 24. Bg3 {[%clk 01:01:36]} {[%emt 00:01:13]} h5 {[%clk
01:28:11]} {[%emt 00:03:19]} 25. Re1 {[%clk 00:54:11]} {[%emt 00:07:55]} h4
{[%clk 01:21:28]} {[%emt 00:07:13]} 26. Re3 {[%clk 00:53:57]} {[%emt 00:00:45]}
g4 {[%clk 01:21:24]} {[%emt 00:00:34]} 27. Bf4 {[%clk 00:51:05]} {[%emt
00:03:21]} Rh5 {[%clk 01:21:03]} {[%emt 00:00:50]} 28. h3 {[%clk 00:49:52]}
{[%emt 00:01:44]} Rf5 {[%clk 01:20:03]} {[%emt 00:01:31]} 29. hxg4 {[%clk
00:48:11]} {[%emt 00:02:11]} Rxf4 {[%clk 01:19:55]} {[%emt 00:00:37]} 30. Rxf3
{[%clk 00:47:39]} {[%emt 00:01:03]} Rfxg4 {[%clk 01:20:08]} {[%emt 00:00:16]}
31. Ne2 {[%clk 00:46:15]} {[%emt 00:01:52]} Rh2 {[%clk 01:20:19]} {[%emt
00:00:22]} 32. Ng1 {[%clk 00:42:53]} {[%emt 00:03:51]} Rh1 {[%clk 01:20:35]}
{[%emt 00:00:14]} 33. Ke2 {[%clk 00:43:12]} {[%emt 00:00:11]} Rgxg1 {[%clk
01:20:49]} {[%emt 00:00:16]} 34. Rxg1 {[%clk 00:43:32]} {[%emt 00:00:10]} Rxg1
{[%clk 01:21:13]} {[%emt 00:00:06]} 35. Rxf7 {[%clk 00:43:37]} {[%emt
00:00:25]} Rb1 {[%clk 01:21:31]} {[%emt 00:00:12]} 36. b3 {[%clk 00:42:30]}
{[%emt 00:01:37]} Rb2+ {[%clk 01:21:45]} {[%emt 00:00:17]} 37. Kd3 {[%clk
00:42:16]} {[%emt 00:00:44]} Rxa2 {[%clk 01:21:42]} {[%emt 00:00:33]} 38. f4
{[%clk 00:42:14]} {[%emt 00:00:31]} Rb2 {[%clk 01:19:25]} {[%emt 00:02:48]} 39.
Kc3 {[%clk 00:41:44]} {[%emt 00:00:59]} Rf2 {[%clk 01:19:20]} {[%emt 00:00:34]}
40. f5 {[%clk 00:40:56]} {[%emt 00:01:19]} Ke8 {[%clk 01:19:06]} {[%emt
00:00:45]} 41. e6 {[%clk 00:40:12]} {[%emt 00:01:13]} h3 {[%clk 01:19:10]}
{[%emt 00:00:26]} 42. Rh7 {[%clk 00:40:06]} {[%emt 00:00:36]} h2 {[%clk
01:17:57]} {[%emt 00:01:44]} 43. Rh8+ {[%clk 00:38:50]} {[%emt 00:01:46]} Bf8
{[%clk 01:17:58]} {[%emt 00:00:29]} 44. Kd3 {[%clk 00:37:45]} {[%emt 00:01:34]}
Rxf5 {[%clk 01:17:43]} {[%emt 00:00:45]} 45. Rxh2 {[%clk 00:37:42]} {[%emt
00:00:31]} Rf3+ {[%clk 01:17:57]} {[%emt 00:00:18]} 46. Kc4 {[%clk 00:37:42]}
{[%emt 00:00:30]} Rf4 {[%clk 01:15:19]} {[%emt 00:03:07]} 47. Ra2 {[%clk
00:29:46]} {[%emt 00:08:27]} Bg7 {[%clk 01:14:18]} {[%emt 00:01:31]} 48. Rxa7
{[%clk 00:27:33]} {[%emt 00:02:44]} Bxd4 {[%clk 01:14:40]} {[%emt 00:00:08]}
49. Ra2 {[%clk 00:25:15]} {[%emt 00:02:44]} Bb6+ {[%clk 01:14:53]} {[%emt
00:00:21]} 50. Kc3 {[%clk 00:17:24]} {[%emt 00:08:21]} Ke7 {[%clk 01:15:11]}
{[%emt 00:00:12]} 51. Rc2 {[%clk 00:16:48]} {[%emt 00:01:05]} Kxe6 {[%clk
01:15:19]} {[%emt 00:00:22]} 52. Re2+ {[%clk 00:16:45]} {[%emt 00:00:32]} Kd5
{[%clk 01:15:24]} {[%emt 00:00:25]} 53. Rg2 {[%clk 00:15:25]} {[%emt 00:01:51]}
Rf3+ {[%clk 01:13:37]} {[%emt 00:02:17]} 54. Kb4 {[%clk 00:14:58]} {[%emt
00:00:57]} Bc5+ {[%clk 01:13:37]} {[%emt 00:00:31]} 55. Ka4 {[%clk 00:14:34]}
{[%emt 00:00:53]} Rf4+ {[%clk 01:14:00]} {[%emt 00:00:07]} 56. Ka5 {[%clk
00:14:22]} {[%emt 00:00:41]} Kc6 {[%clk 01:13:20]} {[%emt 00:01:09]} 57. Rc2
{[%clk 00:13:57]} {[%emt 00:00:55]} Rf2 {[%clk 01:13:44]} {[%emt 00:00:08]} 58.
Rc4 {[%clk 00:10:53]} {[%emt 00:03:33]} Ra2+ {[%clk 01:14:05]} {[%emt
00:00:11]} 59. Ra4 {[%clk 00:11:08]} {[%emt 00:00:14]} Rxa4+ {[%clk 01:14:22]}
{[%emt 00:00:14]} 60. bxa4 {[%clk 00:11:25]} {[%emt 00:00:13]} Bb6+ {[%clk
01:14:31]} {[%emt 00:00:21]} 61. Ka6 {[%clk 00:10:39]} {[%emt 00:01:16]} Kc5
{[%clk 01:14:48]} {[%emt 00:00:11]} 62. a5 {[%clk 00:10:51]} {[%emt 00:00:19]}
Bxa5 {[%clk 01:15:14]} {[%emt 00:00:05]} 63. Kxa5 {[%clk 00:11:16]} {[%emt
00:00:05]} Kd4 {[%clk 01:15:39]} {[%emt 00:00:05]} 0-1

[Event "ODJM B 2025"]
[Site "Willingen GER"]
[Date "2025.06.08"]
[Round "2"]
[White "Rutkowski, Lian"]
[Black "Matsarski, David"]
[Result "1-0"]
[Termination "normal"]
[Board "6"]
[WhiteElo "1815"]
[BlackElo "1723"]
[WhiteClock "00:42:11"]
[BlackClock "00:28:22"]
[PlyCount "65"]
[WhiteFideId "34650539"]
[BlackFideId "34663355"]
[EventCountry "GER"]
[EventRounds "9"]
[EventType "swiss"]
[EventDate "2025.06.07"]

1. Nf3 {[%clk 01:30:57]} {[%emt 00:00:02]} d5 {[%clk 01:30:49]} {[%emt
00:00:11]} 2. e3 {[%clk 01:31:23]} {[%emt 00:00:04]} c5 {[%clk 01:30:47]}
{[%emt 00:00:32]} 3. b3 {[%clk 01:31:49]} {[%emt 00:00:05]} Nf6 {[%clk
01:29:41]} {[%emt 00:01:35]} 4. Bb2 {[%clk 01:32:12]} {[%emt 00:00:07]} Bf5
{[%clk 01:28:52]} {[%emt 00:01:18]} 5. c4 {[%clk 01:31:20]} {[%emt 00:01:23]}
Nc6 {[%clk 01:27:15]} {[%emt 00:02:07]} 6. cxd5 {[%clk 01:28:27]} {[%emt
00:03:24]} Nxd5 {[%clk 01:24:25]} {[%emt 00:03:20]} 7. d3 {[%clk 01:23:27]}
{[%emt 00:05:30]} Bd7 {[%clk 01:17:47]} {[%emt 00:07:08]} 8. a3 {[%clk
01:22:05]} {[%emt 00:01:52]} e6 {[%clk 01:14:41]} {[%emt 00:03:35]} 9. Be2
{[%clk 01:22:05]} {[%emt 00:00:30]} f6 {[%clk 01:11:52]} {[%emt 00:03:19]} 10.
O-O {[%clk 01:22:00]} {[%emt 00:00:36]} Bd6 {[%clk 01:09:20]} {[%emt 00:03:02]}
11. Nc3 {[%clk 01:16:37]} {[%emt 00:05:53]} Nxc3 {[%clk 00:59:45]} {[%emt
00:10:04]} 12. Bxc3 {[%clk 01:16:34]} {[%emt 00:00:33]} Kf7 {[%clk 00:58:12]}
{[%emt 00:02:04]} 13. d4 {[%clk 01:16:17]} {[%emt 00:00:47]} cxd4 {[%clk
00:57:03]} {[%emt 00:01:39]} 14. Nxd4 {[%clk 01:15:24]} {[%emt 00:01:23]} Qb8
{[%clk 00:54:43]} {[%emt 00:02:49]} 15. h3 {[%clk 01:11:34]} {[%emt 00:04:21]}
Nxd4 {[%clk 00:53:23]} {[%emt 00:01:50]} 16. Bxd4 {[%clk 01:10:53]} {[%emt
00:01:11]} Qc7 {[%clk 00:49:12]} {[%emt 00:04:40]} 17. Rc1 {[%clk 01:10:23]}
{[%emt 00:01:00]} Qb8 {[%clk 00:41:54]} {[%emt 00:07:48]} 18. Bc5 {[%clk
01:01:01]} {[%emt 00:09:52]} Bh2+ {[%clk 00:40:09]} {[%emt 00:02:15]} 19. Kh1
{[%clk 01:01:26]} {[%emt 00:00:05]} Bc6 {[%clk 00:40:27]} {[%emt 00:00:12]} 20.
f4 {[%clk 00:55:58]} {[%emt 00:05:59]} Bg3 {[%clk 00:38:25]} {[%emt 00:02:31]}
21. Bf3 {[%clk 00:55:21]} {[%emt 00:01:06]} Bb5 {[%clk 00:35:52]} {[%emt
00:03:04]} 22. Bd6 {[%clk 00:45:29]} {[%emt 00:10:22]} Qe8 {[%clk 00:32:35]}
{[%emt 00:03:47]} 23. Rc7+ {[%clk 00:45:46]} {[%emt 00:00:13]} Kg8 {[%clk
00:31:52]} {[%emt 00:01:13]} 24. Re7 {[%clk 00:44:47]} {[%emt 00:01:29]} Qg6
{[%clk 00:29:17]} {[%emt 00:03:05]} 25. Bh5 {[%clk 00:43:34]} {[%emt 00:01:43]}
Bxf1 {[%clk 00:28:20]} {[%emt 00:01:28]} 26. Bxg6 {[%clk 00:43:44]} {[%emt
00:00:20]} hxg6 {[%clk 00:28:24]} {[%emt 00:00:26]} 27. Qxf1 {[%clk 00:43:25]}
{[%emt 00:00:48]} Rc8 {[%clk 00:28:23]} {[%emt 00:00:31]} 28. Rc7 {[%clk
00:42:17]} {[%emt 00:01:38]} Rd8 {[%clk 00:28:32]} {[%emt 00:00:21]} 29. Qd3
{[%clk 00:41:56]} {[%emt 00:00:50]} f5 {[%clk 00:28:07]} {[%emt 00:00:56]} 30.
Qd4 {[%clk 00:41:53]} {[%emt 00:00:33]} Rh7 {[%clk 00:28:20]} {[%emt 00:00:17]}
31. Qe5 {[%clk 00:41:53]} {[%emt 00:00:30]} g5 {[%clk 00:28:07]} {[%emt
00:00:43]} 32. Qxe6+ {[%clk 00:41:54]} {[%emt 00:00:29]} Kh8 {[%clk 00:28:22]}
{[%emt 00:00:15]} 33. Rc8 {[%clk 00:42:11]} {[%emt 00:00:14]} 1-0

[Event "ODJM B 2025"]
[Site "Willingen GER"]
[Date "2025.06.08"]
[Round "2"]
[White "Hesse, Lucas"]
[Black "Dominik, Anton"]
[Result "1/2-1/2"]
[Termination "normal"]
[Board "7"]
[WhiteElo "1508"]
[BlackElo "2015"]
[WhiteClock "00:28:25"]
[BlackClock "00:17:30"]
[PlyCount "60"]
[WhiteFideId "16261330"]
[BlackFideId "34694501"]
[EventCountry "GER"]
[EventRounds "9"]
[EventType "swiss"]
[EventDate "2025.06.07"]

1. e4 {[%clk 01:30:57]} {[%emt 00:00:03]} c5 {[%clk 01:30:51]} {[%emt
00:00:10]} 2. Nf3 {[%clk 01:31:11]} {[%emt 00:00:16]} Nc6 {[%clk 01:30:29]}
{[%emt 00:00:51]} 3. d4 {[%clk 01:30:20]} {[%emt 00:01:22]} cxd4 {[%clk
01:30:51]} {[%emt 00:00:09]} 4. Nxd4 {[%clk 01:30:41]} {[%emt 00:00:08]} Nf6
{[%clk 01:31:09]} {[%emt 00:00:11]} 5. Nc3 {[%clk 01:30:24]} {[%emt 00:00:48]}
e5 {[%clk 01:31:21]} {[%emt 00:00:18]} 6. Nf3 {[%clk 01:30:05]} {[%emt
00:00:49]} Bb4 {[%clk 01:27:43]} {[%emt 00:04:08]} 7. Bd2 {[%clk 01:27:26]}
{[%emt 00:03:10]} Bxc3 {[%clk 01:20:05]} {[%emt 00:08:08]} 8. Bxc3 {[%clk
01:25:19]} {[%emt 00:02:36]} Nxe4 {[%clk 01:16:29]} {[%emt 00:04:06]} 9. Bxe5
{[%clk 01:16:56]} {[%emt 00:08:53]} Nxe5 {[%clk 01:06:43]} {[%emt 00:10:15]}
10. Nxe5 {[%clk 01:15:50]} {[%emt 00:01:36]} Qa5+ {[%clk 01:05:38]} {[%emt
00:01:36]} 11. c3 {[%clk 01:14:08]} {[%emt 00:02:11]} Nxc3 {[%clk 01:04:19]}
{[%emt 00:01:50]} 12. Nc4 {[%clk 01:10:49]} {[%emt 00:03:49]} Nxd1+ {[%clk
00:59:12]} {[%emt 00:05:36]} 13. Nxa5 {[%clk 01:11:05]} {[%emt 00:00:15]} Nxb2
{[%clk 00:56:25]} {[%emt 00:03:16]} 14. Rb1 {[%clk 01:10:10]} {[%emt 00:01:26]}
b6 {[%clk 00:51:56]} {[%emt 00:04:59]} 15. Rxb2 {[%clk 01:09:20]} {[%emt
00:01:20]} bxa5 {[%clk 00:52:12]} {[%emt 00:00:14]} 16. Rb5 {[%clk 01:09:32]}
{[%emt 00:00:17]} O-O {[%clk 00:50:07]} {[%emt 00:02:36]} 17. Rxa5 {[%clk
01:08:47]} {[%emt 00:01:15]} Re8+ {[%clk 00:47:56]} {[%emt 00:02:40]} 18. Kd2
{[%clk 01:08:34]} {[%emt 00:00:43]} Rb8 {[%clk 00:45:03]} {[%emt 00:03:23]} 19.
Bd3 {[%clk 01:07:35]} {[%emt 00:01:30]} d5 {[%clk 00:42:16]} {[%emt 00:03:17]}
20. Rb1 {[%clk 01:04:42]} {[%emt 00:03:23]} Rxb1 {[%clk 00:37:54]} {[%emt
00:04:52]} 21. Bxb1 {[%clk 01:03:14]} {[%emt 00:01:58]} g6 {[%clk 00:35:04]}
{[%emt 00:03:19]} 22. Rxd5 {[%clk 00:58:36]} {[%emt 00:05:08]} Be6 {[%clk
00:32:44]} {[%emt 00:02:51]} 23. Re5 {[%clk 00:52:49]} {[%emt 00:06:17]} Rb8
{[%clk 00:31:42]} {[%emt 00:01:32]} 24. Kc1 {[%clk 00:52:33]} {[%emt 00:00:46]}
Rc8+ {[%clk 00:30:48]} {[%emt 00:01:24]} 25. Kd2 {[%clk 00:51:10]} {[%emt
00:01:51]} Kg7 {[%clk 00:30:26]} {[%emt 00:00:54]} 26. Ra5 {[%clk 00:49:29]}
{[%emt 00:02:11]} Rc7 {[%clk 00:30:10]} {[%emt 00:00:46]} 27. h4 {[%clk
00:41:48]} {[%emt 00:08:11]} h6 {[%clk 00:28:25]} {[%emt 00:02:15]} 28. Bd3
{[%clk 00:36:00]} {[%emt 00:06:18]} Rb7 {[%clk 00:26:48]} {[%emt 00:02:07]} 29.
Kc3 {[%clk 00:31:08]} {[%emt 00:05:22]} Kf6 {[%clk 00:21:51]} {[%emt 00:05:27]}
30. f4 {[%clk 00:28:25]} {[%emt 00:03:12]} Rc7+ {[%clk 00:17:30]} {[%emt
00:04:51]} 1/2-1/2

[Event "ODJM B 2025"]
[Site "Willingen GER"]
[Date "2025.06.08"]
[Round "2"]
[White "Reuß, Till-Christopher"]
[Black "Heitmann, Erik"]
[Result "1/2-1/2"]
[Termination "normal"]
[Board "8"]
[WhiteElo "1845"]
[BlackElo "1798"]
[WhiteClock "00:32:58"]
[BlackClock "00:26:05"]
[PlyCount "51"]
[WhiteFideId "533011524"]
[BlackFideId "34608940"]
[EventCountry "GER"]
[EventRounds "9"]
[EventType "swiss"]
[EventDate "2025.06.07"]

1. e4 {[%clk 01:30:59]} {[%emt 00:00:01]} c5 {[%clk 01:30:55]} {[%emt
00:00:05]} 2. Nc3 {[%clk 01:30:24]} {[%emt 00:01:04]} d6 {[%clk 01:28:24]}
{[%emt 00:03:01]} 3. d3 {[%clk 01:30:19]} {[%emt 00:00:36]} Nc6 {[%clk
01:28:44]} {[%emt 00:00:10]} 4. g3 {[%clk 01:30:29]} {[%emt 00:00:19]} Nf6
{[%clk 01:28:27]} {[%emt 00:00:48]} 5. Bg2 {[%clk 01:30:24]} {[%emt 00:00:34]}
g6 {[%clk 01:25:02]} {[%emt 00:03:55]} 6. Be3 {[%clk 01:29:33]} {[%emt
00:01:21]} Bg7 {[%clk 01:25:15]} {[%emt 00:00:17]} 7. Nge2 {[%clk 01:26:08]}
{[%emt 00:03:55]} O-O {[%clk 01:25:36]} {[%emt 00:00:09]} 8. f3 {[%clk
01:25:50]} {[%emt 00:00:48]} Bd7 {[%clk 01:21:52]} {[%emt 00:04:14]} 9. Qd2
{[%clk 01:26:11]} {[%emt 00:00:10]} b5 {[%clk 01:21:05]} {[%emt 00:01:17]} 10.
Bh6 {[%clk 01:26:04]} {[%emt 00:00:36]} b4 {[%clk 01:19:41]} {[%emt 00:01:54]}
11. Nd1 {[%clk 01:26:22]} {[%emt 00:00:12]} Rc8 {[%clk 01:16:55]} {[%emt
00:03:16]} 12. h4 {[%clk 01:23:13]} {[%emt 00:03:39]} Re8 {[%clk 01:06:32]}
{[%emt 00:10:54]} 13. Bxg7 {[%clk 01:22:20]} {[%emt 00:01:23]} Kxg7 {[%clk
01:06:56]} {[%emt 00:00:06]} 14. h5 {[%clk 01:17:20]} {[%emt 00:05:30]} Rh8
{[%clk 01:04:01]} {[%emt 00:03:24]} 15. hxg6 {[%clk 01:01:11]} {[%emt
00:16:40]} hxg6 {[%clk 01:04:21]} {[%emt 00:00:09]} 16. Ne3 {[%clk 00:59:22]}
{[%emt 00:02:19]} Rxh1+ {[%clk 01:01:21]} {[%emt 00:03:31]} 17. Bxh1 {[%clk
00:59:38]} {[%emt 00:00:14]} Qc7 {[%clk 00:56:32]} {[%emt 00:05:18]} 18. Nf4
{[%clk 00:57:16]} {[%emt 00:02:52]} e6 {[%clk 00:54:35]} {[%emt 00:02:27]} 19.
Kf2 {[%clk 00:56:11]} {[%emt 00:01:35]} Rh8 {[%clk 00:51:17]} {[%emt 00:03:48]}
20. Bg2 {[%clk 00:54:52]} {[%emt 00:01:49]} Bc8 {[%clk 00:40:50]} {[%emt
00:10:57]} 21. c3 {[%clk 00:49:02]} {[%emt 00:06:20]} a5 {[%clk 00:39:16]}
{[%emt 00:02:05]} 22. Rc1 {[%clk 00:44:42]} {[%emt 00:04:49]} Ba6 {[%clk
00:37:28]} {[%emt 00:02:18]} 23. Rh1 {[%clk 00:38:00]} {[%emt 00:07:12]} Rxh1
{[%clk 00:37:01]} {[%emt 00:00:57]} 24. Bxh1 {[%clk 00:38:29]} {[%emt
00:00:01]} Qb6 {[%clk 00:28:55]} {[%emt 00:08:37]} 25. Bg2 {[%clk 00:32:58]}
{[%emt 00:06:01]} bxc3 {[%clk 00:26:05]} {[%emt 00:03:20]} 26. bxc3 {[%emt
00:02:21]} 1/2-1/2